| Tag |
First Indicator |
Second Indicator |
Subfields |
| LEADER |
00000cam a2200000Ka 4500 |
| 001 |
in00002003272 |
| 005 |
20211202202522.0 |
| 006 |
m d f |
| 008 |
040902s2003 vau s f000 0 eng d |
| 035 |
|
|
|a (OCoLC)ocm56410330
|
| 040 |
|
|
|a GPO
|c GPO
|d MvI
|d UtOrBLW
|
| 049 |
|
|
|a WWW
|
| 074 |
|
|
|a 0535 (online)
|
| 086 |
0 |
|
|a FT 1.2:ID 2
|
| 245 |
0 |
0 |
|a Federal Trade Commission :
|b identity theft survey report /
|c prepared by Synovate.
|
| 246 |
3 |
0 |
|a Identity theft survey report
|
| 264 |
|
1 |
|a McLean, VA :
|b Synovate ;
|a [Washington, D.C.] :
|b Federal Trade Commission,
|c [2003]
|
| 336 |
|
|
|a text
|b txt
|2 rdacontent
|
| 337 |
|
|
|a computer
|b c
|2 rdamedia
|
| 338 |
|
|
|a unspecified
|b zu
|2 rdacarrier
|
| 538 |
|
|
|a Mode of access: Internet from the FTC web site. Address as of 9/2/04: http://www.ftc.gov/os/2003/09/synovatereport.pdf; current access available via PURL.
|
| 500 |
|
|
|a Title from title screen (viewed on Sept. 2, 2004).
|
| 500 |
|
|
|a Electronic resource.
|
| 650 |
|
0 |
|a Identity theft
|z United States
|v Statistics.
|
| 776 |
0 |
|
|a Synovate.
|t Federal Trade Commission
|h 93 p.
|w (OCoLC)52985640
|
| 710 |
1 |
|
|a United States.
|b Federal Trade Commission.
|
| 856 |
4 |
0 |
|u https://purl.fdlp.gov/GPO/LPS53553
|t 0
|
| 999 |
|
|
|a MARS
|
| 999 |
f |
f |
|s def0af09-0e6d-3432-8ae4-6fcede35be50
|i 6731b3da-28e1-3d44-a091-6bc3d13ec38c
|t 0
|
| 952 |
f |
f |
|a Texas A&M University
|b College Station
|c Electronic Resources
|d Available Online
|t 0
|e FT 1.2:ID 2
|h Superintendent of Documents classification
|
| 998 |
f |
f |
|a FT 1.2:ID 2
|t 0
|l Available Online
|